| 000 | 00477nam a22001817a 4500 | ||
|---|---|---|---|
| 003 | MPLRDC | ||
| 005 | 20220104123903.0 | ||
| 008 | 210129b ||||| |||| 00| 0 eng d | ||
| 020 | _a7-5327-0409-4 | ||
| 082 | _a552.48 AKBJY | ||
| 100 | _aA.E.阿甘别吉扬 | ||
| 245 |
_a经济管理改革问题与探索 _c马文奇等译 |
||
| 250 | _a一版一刷 | ||
| 260 |
_a _b上海译文出版社 _c1989 |
||
| 300 | _b平 | ||
| 650 | _a经济管理 | ||
| 942 |
_cBK _o552.48 AKBJY |
||
| 999 |
_c14970 _d14960 |
||